000 00559nam a2200169Ia 4500
008 230718s9999 xx 000 0 und d
020 _a9789351104087
041 _aeng
082 _a005.74
_bZBU
100 _aZburivsky D.
_9195824
245 _aHadoop Cluster Deployment
_bConstruct A Modern Hadop Data Platform Effortlessly And Gain Insights Into How To Manage Clusters Efficiently
260 _c2013
_bPackt/SPD
300 _a109
365 _cRs.
_b275.00
700 _aZburivsky D.
_9195824
906 _dO:0378820-Feb-2014B:486902-Feb-2014
_cCOMP
_b60.5
999 _c335564
_d335564